000 00349nam a2200133 i 4500
001 bg
100 1 _aMACZYŃSKA-JAWORSKA, Anna
245 0 _aTeksty techniczne do nauki języka francuskiego /
_cAnna Maczyńska-Jaworska.
260 _aKraków,
_c1981.
040 _cBPK
041 _apol
942 _cKS
008 s pl f |000 0 pol
999 _c20340
_d20340
856 _uhttp://koha.tu.koszalin.pl/cgi-bin/koha/opac-detail.pl?biblionumber=20340
_yKatalog online BPK